Loreto College Library, Kolkata
WEBOPAC (ONLINE PUBLIC ACCESS CATALOGUE)

Old and Middle English, c.890-c.1450 (Record no. 37006)

MARC details
000 -LEADER
fixed length control field 00908nam a2200265Ia 4500
005 - DATE AND TIME OF LATEST TRANSACTION
control field 20220801143546.0
008 - FIXED-LENGTH DATA ELEMENTS--GENERAL INFORMATION
fixed length control field 140110s9999 xx 000 0 und d
020 ## - ISBN | অাই এস বি এন
ISBN | অাই এস বি এন 9781405181204
PRICE Rs.2468.00
040 ## - CATALOGING SOURCE
Original cataloging agency Loreto College
041 ## - LANGUAGE CODE
Language code English
082 ## - DDC | ডিউই
Classification number | বর্গসংখ্যা 821.108
Book Number | গ্রন্থাঙ্ক TRE
245 ## - TITLE STATEMENT | অাখ্যা বিবরণী
Title | অাখ্যা Old and Middle English, c.890-c.1450
Sub title | উপঅাখ্যা An anthology
Statement of responsibility | লেখকের দায়িত্বের বিবরণ Edited by Elaine Treharne
250 ## - EDITION STATEMENT | সংস্করণ ক্ষেত্র
Edition statement | সংস্করণ 3rd ed.
260 ## - IMPRINT | প্রকাশনা ক্ষেত্র
Place of publication | প্রকাশ স্থান Chichester, West Sussex, UK
Name of publisher | প্রকাশকের নাম Wiley-Blackwell
Date of publication | প্রকাশ কাল 2010
300 ## - PHYSICAL DESCRIPTION |
Page / Vol. No | পৃষ্ঠা / খন্ড সংখ্যা 854p.
440 ## - SERIES STATEMENT |গ্রন্থমালা
Series Title | গ্রন্থমালা অাখ্যা Blackwell Anthologies
504 ## - BIBLIOGRAPHY, ETC. NOTE
Bibliography, etc Includes bibliographical references and index
630 ## - SUBJECT ADDED ENTRY--UNIFORM TITLE
Uniform title English literature-Middle English,1100-1500
630 ## - SUBJECT ADDED ENTRY--UNIFORM TITLE
Uniform title English literature-Middle English-Modernized versions
650 ## - SUBJECT ADDED ENTRY--TOPICAL TERM | বিষয় শিরোনাম - মূল বিষয়
Topical term | মূল বিষয় English literature-Old English-Modernized versions
651 ## - SUBJECT ADDED ENTRY--GEOGRAPHIC NAME | বিষয় শিরোনাম - ভৌগলিক নাম
Geographic name | ভৌগলিক বিষয় English literature-Old English,ca.450-1100
700 ## - ADDED ENTRY--PERSONAL NAME | অতিরিক্ত সংলেখ - ব্
Personal name | ব্যাক্তিনাম Treharne,Elaine
Relator code | দায়িত্ব নির্দেশক ed.
850 ## - HOLDING INSTITUTION
Holding institution LCLIB
Sub Holdings Post Graduate
942 ## - ADDED ENTRY ELEMENTS (KOHA)
Koha item type Books
Holdings
Withdrawn status Lost status Source of classification Damaged status Not for loan Home library Current library Shelving location Date acquired Total Checkouts Full call number Accession No. Date last seen Date checked out Price effective from Koha item type Coded location qualifier
    Dewey Decimal Classification     Loreto College Loreto College Post Graduate 04/11/2013 10 821.108 TRE 48375 B40159 25/02/2016 19/02/2016 04/11/2013 Books